000 00445nam a2200181Ia 4500
001 24084
005 20260414151020.0
008 260414t1988||||xx |||||||||||||| ||spa||
041 _aESP
082 _a769.92
_bA37
100 _aAlcala Flecha, Roberto
_eAUT
245 0 _aLiteratura e ideología en el arte de Goya
_b
260 _c1988
300 _a495 páginas :
_c27 cm.
650 _aABD
654 _aCAU
942 _cLIB
_dJUS
_fJUS
_2ddc
_n
999 _c24084
_d24084